000 00379nam a22001577a 4500
003 MPLRDC
005 20220104142707.0
008 210129b ||||| |||| 00| 0 eng d
082 _a857.9 SML-44 v.5
100 _a司马翎
245 _a雷霆刀法. 五
_c
260 _a
_b香港武林出版社
_c
300 _b
650 _a武侠小说
942 _cBK
_o857.9 SML-44 v.5
999 _c32946
_d32936